| 000 | 01062nac a22002291u 4500 | ||
|---|---|---|---|
| 008 | 090105t xxu||||| |||| 00| 0 eng d | ||
| 010 | _a 2006040763 | ||
| 020 | _a9780071107457 | ||
| 020 | _a0071107452 | ||
| 082 | 0 | 0 |
_a621.3191 _bSCH |
| 100 |
_aSchultz, Mitchel E. _918794 |
||
| 245 | 1 | 0 |
_aGrob's Basic Electronics : _bFundamentals of DC and AC Circuits / _cMitchel Schultz. |
| 246 | 3 | 0 | _aBasic electronics |
| 260 |
_aDubuque, IA : _bMcGraw-Hill/Higher Education, _cc2007. |
||
| 300 |
_a1 v. (various pagings) : _bill. (some col.) ; _c29 cm. + _e1 CD-ROM (4 3/4 in.) |
||
| 500 | _aIncludes index. | ||
| 650 | 0 |
_aElectric circuits _vTextbooks. _918795 |
|
| 650 | 0 |
_aElectronics _vTextbooks. _918796 |
|
| 942 |
_cBB _k621.3191 SCH _2ddc |
||
| 999 |
_c1954 _d1954 |
||